[Event "Havirov op 14th"]
[Site "Havirov"]
[Date "2013.08.29"]
[Round "6"]
[White "Polka, Bohumil"]
[Black "Chwistek, Karel"]
[Result "0-1"]
[WhiteElo "1648"]
[BlackElo "1670"]
[PlyCount "58"]
[EventDate "2013.08.24"]
[EventType "swiss"]
[EventRounds "9"]
[EventCountry "CZE"]
[SourceTitle "CBM 156 Extra"]
[Source "ChessBase"]
[SourceDate "2013.10.22"]
[SourceVersion "1"]
[SourceVersionDate "2013.10.22"]
[SourceQuality "1"]

1. e4 c5 2. Nf3 Nc6 3. c3 d5 4. exd5 Qxd5 5. Be2 e6 6. d3 Nf6 7. Nbd2 Be7 8. Nf1 0-0 9. Ng3 b6 10. 0-0 Bb7 11. h3 Rfd8 12. Qc2 Rac8 13. a3 Ne5 14. Rd1 Qc6 15. Bg5 Ng6 16. Bxf6 Bxf6 17. Ne4 e5 18. g3 Qe6 19. Kh2 Be7 20. Nfg5 Bxg5 21. Nxg5 Qf6 22. f4 exf4 23. Ne4 fxg3+ 24. Kg1 Bxe4 25. Rf1 Qg5 26. dxe4 Qe3+ 27. Kh1 Rd2 28. Qb3 g2+ 29. Kxg2 Rxe2+ 0-1

[Event "Havirov op 14th"]
[Site "Havirov"]
[Date "2013.08.26"]
[Round "3"]
[White "Polka, Bohumil"]
[Black "Hecko, Miloslav"]
[Result "1/2-1/2"]
[WhiteElo "1648"]
[BlackElo "1581"]
[PlyCount "32"]
[EventDate "2013.08.24"]
[EventType "swiss"]
[EventRounds "9"]
[EventCountry "CZE"]
[SourceTitle "CBM 156 Extra"]
[Source "ChessBase"]
[SourceDate "2013.10.22"]
[SourceVersion "1"]
[SourceVersionDate "2013.10.22"]
[SourceQuality "1"]

1. e4 c6 2. d4 d5 3. e5 Bf5 4. Bd3 Bxd3 5. Qxd3 e6 6. Nf3 h6 7. h3 Nd7 8. Nbd2 Ne7 9. Nh4 c5 10. c3 cxd4 11. cxd4 Nc6 12. Nhf3 Qb6 13. a3 a5 14. 0-0 a4 15. b4 axb3 16. Nxb3 Be7 1/2-1/2

[Event "Havirov op 13th"]
[Site "Havirov"]
[Date "2012.08.25"]
[Round "1"]
[White "Polka, Bohumil"]
[Black "Lys, Josef"]
[Result "0-1"]
[WhiteElo "1662"]
[BlackElo "2152"]
[PlyCount "72"]
[EventDate "2012.08.25"]
[EventType "swiss"]
[EventRounds "9"]
[EventCountry "CZE"]
[SourceTitle "EXT 2013"]
[Source "ChessBase"]
[SourceDate "2012.11.22"]
[SourceVersion "1"]
[SourceVersionDate "2012.11.22"]
[SourceQuality "1"]

1. e4 e5 2. Nf3 Nc6 3. Bc4 Bc5 4. c3 Nf6 5. d3 h6 6. 0-0 Qe7 7. b4 Bb6 8. h3 d6 9. a4 a5 10. b5 Nd8 11. Re1 Be6 12. Ba2 0-0 13. c4 Bd7 14. Nbd2 Ne6 15. Nb3 Nc5 16. Nxc5 Bxc5 17. Bb3 Nh7 18. d4 exd4 19. Nxd4 Qf6 20. Bb2 Ng5 21. Ra2 Qg6 22. Kh2 Nxe4 23. Bc2 Rae8 24. Qf3 f5 25. Re2 Qg5 26. Ra1 Bxd4 27. Bxd4 Be6 28. Bxe4 fxe4 29. Qc3 Qf4+ 30. Kg1 Rf7 31. Rae1 Bf5 32. Be3 Qh4 33. Qxa5 Re6 34. Qd2 Bxh3 35. g3 Qg4 36. Bf4 Qf3 0-1